Statistiques concernant Noms de pays divisés puzzle #1

Cliquez ici pour prendre le quiz!

Statistiques générales

  • Ce quiz a été pris 3,752 fois
  • Le résultat moyen est 15 sur 20

Statistiques - réponses

Country Name % Correct
AFGHANISTANAfghanistan
99%
PARAGUAYParaguay
97%
AUSTRALIEAustralie
93%
DANEMARKDanemark
90%
NICARAGUANicaragua
90%
AZERBAIDJANAzerbaidjan
89%
VENEZUELAVenezuela
88%
OUGANDAOuganda
87%
THAILANDEThailande
84%
ROUMANIERoumanie
82%
DJIBOUTIDjibouti
77%
TANZANIETanzanie
72%
CROATIECroatie
71%
BARBADEBarbade
71%
SRILANKASri Lanka
71%
CAMBODGECambodge
63%
BELGIQUEBelgique
60%
MONTENEGROMonténégro
55%
LESOTHOLesotho
47%
ESWATINIEswatini
40%

Distribution des résultats

Percentile par nombre de réponses

% des personnes avec chaque résultat

Votre développement - résultats

Vous n’avez pas pris ce quiz